Organic chemistry / (Record no. 385)
[ view plain ]
| 000 -LEADER | |
|---|---|
| fixed length control field | 01415cam a2200409 a 4500 |
| 003 - CONTROL NUMBER IDENTIFIER | |
| control field | CaAEU |
| 005 - DATE AND TIME OF LATEST TRANSACTION | |
| control field | 20210615063139.0 |
| 008 - FIXED-LENGTH DATA ELEMENTS--GENERAL INFORMATION | |
| fixed length control field | s2004 njua 001 0 eng d |
| 020 ## - INTERNATIONAL STANDARD BOOK NUMBER | |
| International Standard Book Number | 9780471417996 (hbk.) |
| 020 ## - INTERNATIONAL STANDARD BOOK NUMBER | |
| International Standard Book Number | 0471417998 (acidfree paper) |
| 020 ## - INTERNATIONAL STANDARD BOOK NUMBER | |
| International Standard Book Number | 9780555012345 (computer disc) |
| 020 ## - INTERNATIONAL STANDARD BOOK NUMBER | |
| International Standard Book Number | 0555012344 (computer disc) |
| 020 ## - INTERNATIONAL STANDARD BOOK NUMBER | |
| International Standard Book Number | 9780471215073 (study guide) |
| 020 ## - INTERNATIONAL STANDARD BOOK NUMBER | |
| International Standard Book Number | 0471215074 (study guide) |
| 040 ## - CATALOGING SOURCE | |
| Transcribing agency | ALUPE UNIVERSITY |
| 050 ## - LIBRARY OF CONGRESS CALL NUMBER | |
| Classification number | QD 253.2 |
| Item number | .S65 2004 |
| 090 ## - LOCALLY ASSIGNED LC-TYPE CALL NUMBER (OCLC); LOCAL CALL NUMBER (RLIN) | |
| Classification number (OCLC) (R) ; Classification number, CALL (RLIN) (NR) | QD 253.2 S65 2004 |
| Local cutter number (OCLC) ; Book number/undivided call number, CALL (RLIN) | AEC |
| 090 ## - LOCALLY ASSIGNED LC-TYPE CALL NUMBER (OCLC); LOCAL CALL NUMBER (RLIN) | |
| Classification number (OCLC) (R) ; Classification number, CALL (RLIN) (NR) | QD 253.2 S65 2004 |
| Local cutter number (OCLC) ; Book number/undivided call number, CALL (RLIN) | AEU |
| 090 ## - LOCALLY ASSIGNED LC-TYPE CALL NUMBER (OCLC); LOCAL CALL NUMBER (RLIN) | |
| Classification number (OCLC) (R) ; Classification number, CALL (RLIN) (NR) | QD 253.2 S65 2004 |
| Local cutter number (OCLC) ; Book number/undivided call number, CALL (RLIN) | AEGMCT |
| 090 ## - LOCALLY ASSIGNED LC-TYPE CALL NUMBER (OCLC); LOCAL CALL NUMBER (RLIN) | |
| Classification number (OCLC) (R) ; Classification number, CALL (RLIN) (NR) | QD 253.2 S65 2004 |
| Local cutter number (OCLC) ; Book number/undivided call number, CALL (RLIN) | ACAL |
| 100 1# - MAIN ENTRY--PERSONAL NAME | |
| Personal name | Solomons, T. W. Graham. |
| 245 10 - TITLE STATEMENT | |
| Title | Organic chemistry / |
| Statement of responsibility, etc. | T.W. Graham Solomons, Craig B. Fryhle. |
| 250 ## - EDITION STATEMENT | |
| Edition statement | 8th ed. |
| 260 ## - PUBLICATION, DISTRIBUTION, ETC. | |
| Place of publication, distribution, etc. | [Hoboken, NJ] : |
| Name of publisher, distributor, etc. | John Wiley & Sons, |
| Date of publication, distribution, etc. | c2004. |
| 300 ## - PHYSICAL DESCRIPTION | |
| Extent | xxxii, 1255, [53] p. : |
| Other physical details | ill. (some col.) ; |
| Dimensions | 27 cm. + |
| Accompanying material | 1 CD-ROM (4 3/4 in.) |
| 336 ## - CONTENT TYPE | |
| Content type term | text |
| Content type code | txt |
| Source | rdacontent |
| 337 ## - MEDIA TYPE | |
| Media type term | unmediated |
| Media type code | n |
| Source | rdamedia |
| 338 ## - CARRIER TYPE | |
| Carrier type term | volume |
| Carrier type code | nc |
| Source | rdacarrier |
| 500 ## - GENERAL NOTE | |
| General note | Accompanied by Study guide and solutions manual, 8th ed. (xxv, 621 p.) [study gd.] |
| 500 ## - GENERAL NOTE | |
| General note | Includes index. |
| 650 #0 - SUBJECT ADDED ENTRY--TOPICAL TERM | |
| Topical term or geographic name entry element | Chemistry, Organic. |
| 700 1# - ADDED ENTRY--PERSONAL NAME | |
| Personal name | Fryhle, Craig B. |
| 942 ## - ADDED ENTRY ELEMENTS (KOHA) | |
| Source of classification or shelving scheme | |
| Koha item type | Book |
| Suppress in OPAC | SO |
| Withdrawn status | Lost status | Source of classification or shelving scheme | Damaged status | Not for loan | Permanent Location | Current Location | Shelving location | Date acquired | Total Checkouts | Total Renewals | Full call number | Barcode | Date last seen | Date last checked out | Price effective from | Koha item type | Public note | Copy number | Source of acquisition |
|---|---|---|---|---|---|---|---|---|---|---|---|---|---|---|---|---|---|---|---|
| AU LIBRARY | AU LIBRARY | Open Shelf | 14.06.2021 | 4 | 2 | QD 253.2 .S65 2004 | 28000461 | 03.04.2023 | 06.03.2023 | 14.06.2021 | Book | SO | |||||||
| AU LIBRARY | AU LIBRARY | Open Shelf | 15.06.2021 | 1 | QD 253.2 .S65 2004 C2 | 28003155 | 09.08.2021 | 23.07.2021 | 15.06.2021 | Book | SO | 2 | |||||||
| AU LIBRARY | AU LIBRARY | Open Shelf | 02.12.2021 | 1 | QD 253.2 .S65 2004 C3 | 28000462 | 07.12.2021 | 02.12.2021 | 02.12.2021 | Book | MS | 3 | |||||||
| AU LIBRARY | AU LIBRARY | Open Shelf | 15.09.2022 | QD 253.2 .S65 2004 C4 | 28008122 | 15.09.2022 | 15.09.2022 | Book | MA | 4 | DONATION FROM MOI UNIVERSITY |